| 000 | 01800nam a2200289 i 4500 | ||
|---|---|---|---|
| 001 | 180907 | ||
| 003 | ES-MaACL | ||
| 005 | 20251013231045.0 | ||
| 008 | 120823s2011 sp co |||| |dspa d | ||
| 020 | _a978-84-9941-512-3 | ||
| 080 | _a821.134.2(460.41)-34"19"(082.2) | ||
| 245 | 0 | 0 |
_aGeneración 21 _b: nuevos novelistas canarios / _c(selección, introducción y antología de Ánghel Morales García) ; Víctor Álamo de la Rosa, Víctor Conde, José Luis Correa ... [et al.]. |
| 250 | _a1ª ed. | ||
| 260 |
_aSanta Cruz de Tenerife : _bAguere : _bIdea, _c2011. |
||
| 300 |
_a253 p. : _bil., retr. ; _c22 cm. |
||
| 505 | 8 |
_aContiene: ; _tVino el azúcar / _rVíctor Álamo de la Rosa. -- _tIsabel y las visionautas / _rVíctor Conde. -- _tVida, pasión y muerte de Felipe Marqués / _rJosé Luis Correa. -- _tSin cara ni cruz / _rDavid Galloway. -- _tEl encargo / _rSantiago Gil. -- _tLas seis caras del azar / _rCristo Hernández Morales. -- _tLos ojos de Henry Fonda / _rJavier Hernández Velázquez. -- _tHuellas en el barro / _rÁlvaro Marcos Arvelo. -- _tLa edad de Cristo / _rPablo Martín Carbajal. -- _tUna superviviente, tal vez eso lo explicara todo / _rNicolás Melini. -- _tOtra vida / _rAlexis Ravelo. -- _tEl perro / _rAnelio Rodríguez Concepción |
|
| 650 | 7 |
_aCuentos españoles- _zCanarias- _yS.XX. _911485 |
|
| 650 | 4 |
_aNovela española- _zCanarias- _xHistoria y crítica. _9138048 |
|
| 700 | 1 |
_aMorales García, Ánghel, _d1952- _9151344 |
|
| 700 | 1 |
_aÁlamo de la Rosa, Víctor, _d1969- _9151345 |
|
| 700 | 1 |
_aConde, Víctor, _d1973- _9151346 |
|
| 700 | 1 |
_aCorrea Santana, José Luis, _d1962- _9151347 |
|
| 852 |
_aES-MaACL _jA-12189 _9187786 _cDEPO1 _dOlim: N-5194 |
||
| 942 |
_2udc _cMONOGRAFIA |
||
| 999 |
_c180907 _d180907 |
||